Curso de lengua muisca : (Registro nro. 7047)

Detalles MARC
000 -LEADER
fixed length control field 01082cam a2200265 i 4500
003 - CONTROL NUMBER IDENTIFIER
control field OSt
005 - DATE AND TIME OF LATEST TRANSACTION
control field 20210106094125.0
008 - FIXED-LENGTH DATA ELEMENTS--GENERAL INFORMATION
fixed length control field 190805t20192019ck r 001 0dspa d
020 ## - INTERNATIONAL STANDARD BOOK NUMBER
International Standard Book Number 9789585210226
040 ## - CATALOGING SOURCE
Original cataloging agency CO-BoPUJ
Transcribing agency CO-JMCR
041 0# - LANGUAGE CODE
Language code of text/sound track or separate title spa
-- sai
082 04 - DEWEY DECIMAL CLASSIFICATION NUMBER
Classification number 498.3
Item number S243c
Edition number 23
100 1# - MAIN ENTRY--PERSONAL NAME
Personal name Saravia, Facundo Manuel
Relator term autor
-- tallerista
9 (RLIN) 12675
245 10 - TITLE STATEMENT
Title Curso de lengua muisca :
Remainder of title (MYSK KUBUN) /
Statement of responsibility, etc. Facundo Manuel Saravia : [tallerista César Augusto Sánchez León]
264 #1 - PRODUCTION, PUBLICATION, DISTRIBUTION, MANUFACTURE, AND COPYRIGHT NOTICE
Place of production, publication, distribution, manufacture Bogotá :
Name of producer, publisher, distributor, manufacturer Sociedad Geográfica de Colombia,
Date of production, publication, distribution, manufacture, or copyright notice 2019
300 ## - PHYSICAL DESCRIPTION
Extent 156 páginas :
Other physical details ilustraciones, fotografías a color y blanco y negro ;
Dimensions 21 cm.
490 1# - SERIES STATEMENT
Series statement Serie Exposiciones geográficas
Volume/sequential designation no. 20
500 ## - GENERAL NOTE
General note Datos biográficos de los autores en tapa posterior.
505 0# - FORMATTED CONTENTS NOTE
Title Nivel 2.
650 14 - SUBJECT ADDED ENTRY--TOPICAL TERM
Topical term or geographic name entry element Chibcha (Lengua indígena)
General subdivision Enseñanza
9 (RLIN) 12676
650 24 - SUBJECT ADDED ENTRY--TOPICAL TERM
Topical term or geographic name entry element Lenguas indígenas
General subdivision Enseñanza
9 (RLIN) 12677
700 1# - ADDED ENTRY--PERSONAL NAME
Personal name Sánchez León, César Augusto
Relator term tallerista
9 (RLIN) 12678
830 #0 - SERIES ADDED ENTRY--UNIFORM TITLE
Uniform title Serie Exposiciones geográficas
Name of part/section of a work Publicación aperiódica
Volume/sequential designation número 20
9 (RLIN) 12679
942 ## - ADDED ENTRY ELEMENTS (KOHA)
Source of classification or shelving scheme Dewey Decimal Classification
Koha item type Books
Existencias
Withdrawn status Lost status Source of classification or shelving scheme Damaged status Not for loan Home library Current library Shelving location Date acquired Source of acquisition Total Checkouts Full call number Barcode Date last seen Date last checked out Copy number Price effective from Koha item type
    Dewey Decimal Classification     Biblioteca Pública José María del Castillo y Rada Biblioteca Pública José María del Castillo y Rada General Stacks 12/16/2020 Donación 3 498.3 / S243c 201809531 03/18/2026 03/18/2026 Ej.1 12/16/2020 Books